|
|
|
|
| LEADER |
00901cam a2200253 7i4500 |
| 001 |
0000025685 |
| 005 |
20230607090000.0 |
| 008 |
090211 eng |
| 020 |
|
|
|a 9780521535816
|
| 020 |
|
|
|a 0521535816 (pbk.)
|
| 040 |
|
|
|a DLC
|
| 090 |
0 |
0 |
|a QP519.7
|b .P75 2005
|
| 245 |
1 |
0 |
|a Principles and techniques of biochemistry and molecular biology
|c edited by Keith Wilson and John Walker.
|
| 250 |
|
|
|a 6th ed.
|
| 260 |
|
|
|a New York:
|b Cambridge University Press,
|c 2005.
|
| 300 |
|
|
|a xvii, 783 p.:
|b ill.;
|c 25 cm.
|
| 500 |
|
|
|a Includes index
|
| 650 |
0 |
0 |
|a Biochemistry --
|x Methodology
|
| 650 |
0 |
0 |
|a Molecular biology --
|x Methodology
|
| 700 |
1 |
|
|a Wilson, Keith
|
| 700 |
1 |
|
|a Walker, John M
|
| 997 |
|
|
|a Engineering & Life Sciences, Faculty
|b Science & Biotechnology, Department
|
| 998 |
|
|
|a Biotechnology, Degree
|
| 999 |
|
|
|a 0000036262
|b BOK
|c OPEN SHELF
|e 2nd Floor, Bestari Jaya
|